Регионална библиотека "Любен Каравелов" - Русе

Строеж на молекулите (Запис номер 30408)

MARC детайли
000 -Лидер
Контролно поле с фиксирана дължина 01461nam a2200301 c 4500
003 - Код на организацията, давaща контролен номер
Контролно поле BLK
005 - Дата и час на последна редакция
Контролно поле 20180718111818.0
008 - Елементи от данни с фиксирана дължина
fixed length control field 180407b bul|||||r ||||||| ||bul||
010 ## - Наследен системен номер
LC control number KNG00033041000
020 ## - Международен стандартен номер на книга ISBN
Международен стандартен номер на книга ISBN 954-07-0641-6
-- издат.: Унив. изд. Св. Климент Охридски
040 ## - Източник на каталожния запис
Идентификатор на билиотеката - собственик на записа BLK
041 ## - Код за език
Код за езика на текст/звукозапис или на отделно заглавие Български
Код за езика КДБФ Български
080 ## - УДК
Текстов определител УДК Физика на отделните молекули - Структура, конфигурация, вътрешномолекулна механика, молекулни спектри, взаимодействие на молекулите с атомите и помежду си, макромолекули. Вж и 541. 2; 535. 33
УДК код - определител по УДК 539.19
УДК определител (075.8)
УДК - код + определител 539.19(075.8)
100 1# - Редна дума - Автор
Автор Тютюлков, Николай Николаев
Авторска отговорност първи автор
R(LIN) 270818
139 ## - Редно поле
Редна дума Тютюлков, Николай Николов
Авторски знак Тю - Т 98
245 10 - Сведения за заглавието
Заглавие Строеж на молекулите
Подзаглавни данни Учебник за студентите на Соф. унив.
Редно поле (дума) Николай Николаев Тютюлков.
250 ## - Област на изданието
Сведения за изданието 3. изд
257 ## - Страна на издаване
Страна на създаване/издаване България
260 ## - Област на издателските данни
-- София
Име на издателя, разпространителя и проч. Унив. изд. Св. Климент Охридски
Година на издаване 1995
300 ## - Физическа характеристика
Страници 207 с.
Илюстрации и др. със сх.
Размери/Мащаб 23 см
380 ## - Жанр
Жанр Естествени науки. Математика
500 ## - Общи забележки
Забележка Деп. списък: дарение
852 ## - Местоположение
Форматна сигнатура Цб 205479
856 4# - Електронен адрес и достъп
Електронен формат pdf - файл
Път до файла /url/
856 4# - Електронен адрес и достъп
Електронен формат pdf - файл
Път до файла /url/
942 ## - АРТИКУЛИ
Вид на библиотечния материал Книги
Скрит в OPAC Не
Koha issues (borrowed), all copies 1
944 ## - СЪЗДАВАНЕ И РЕДАКЦИЯ на ЗАПИСА
Създаване/Редакция Създаване
Дата на регистрацията/редакция 15.01.2003
Служител, извършил регистрацията/редакцията Кети_Илиева
944 ## - СЪЗДАВАНЕ И РЕДАКЦИЯ на ЗАПИСА
Създаване/Редакция Редакция
Дата на регистрацията/редакция 01.09.2006
Служител, извършил регистрацията/редакцията
999 ## - СИСТЕМНИ КОНТРОЛНИ НОМЕРА
Koha biblionumber 30408
Koha biblioitemnumber 30408
Наличности
Код за отписване Код за изгубен артикул Източник на класификационната схема Код за повреда Коз за рестрикции Код за отдаване Артикулен № Име на библиотеката - собственик Име на библиотеката, в която се намира в момента Статус (Текущо местоположение) Дата на вписване в системата Местоположение - отдел Цена в лева Инвентарен номер Систематично азбучна сигнатура Баркод Номер на екземпляра Цена в евро Служебен тип на артикула Служебна бележка
  Не е изгубен Universal Decimal Classification Не е повреден без рестрикции ползва се в читалня 48717 Регионална библиотека "Любен Каравелов" Русе Регионална библиотека "Любен Каравелов" Русе Хранилище 2001-01-01 Основен фонд - ползва се само за читалня 5.00 658080 Цб 205479 120000658080 1 2.56 Книги  
Изтеглен Не е изгубен Universal Decimal Classification Не е повреден без рестрикции заемане за дома 48718 Регионална библиотека "Любен Каравелов" Русе Регионална библиотека "Любен Каравелов" Русе Заемна - подръчен фонд 2001-01-01 Заемна - подръчен фонд 5.00 658081 П 539/Т 98 658081 2 2.56 Книги  
  Не е изгубен Universal Decimal Classification Не е повреден без рестрикции заемане за дома 48719 Регионална библиотека "Любен Каравелов" Русе Регионална библиотека "Любен Каравелов" Русе Заемна - подръчен фонд 2001-01-01 Заемна - подръчен фонд 5.00 658082 П 539/Т 98 120000658082 3 2.56 Книги Дата инв: 02.02.2018 Бележки инв: П2018
  Не е изгубен Universal Decimal Classification Не е повреден без рестрикции заемане за дома 48720 Регионална библиотека "Любен Каравелов" Русе Регионална библиотека "Любен Каравелов" Русе Заемна - подръчен фонд 2001-01-01 Заемна - подръчен фонд 5.00 658083 П 539/Т 98 120000658083 4 2.56 Книги Дата инв: 02.02.2018 Бележки инв: П2018
  Не е изгубен Universal Decimal Classification Не е повреден без рестрикции ползва се в читалня 48721 Регионална библиотека "Любен Каравелов" Русе Регионална библиотека "Любен Каравелов" Русе Читалня 2001-01-01 Читалня 5.00 658084 Ч 539/Т 98 120000658084 5 2.56 Книги Дата инв: 16.03.2017 Бележки инв: Ч2017
Vip Innovations Ltd, Rousse, Bulgaria 2025